000 00627nam a22002177a 4500
008 150410b xxu||||| |||| 00| 0 eng d
020 _a9780072262650
041 0 _aeng
080 _a004.2
100 1 _aHowson, Cindi.
245 1 0 _aBusinessObjects XI
_cCindi Howson.
246 3 _bBusiness Objects XI
260 _aNew York :
_bMcGraw-Hill,
_c2006.
300 _a650 f.:
_bme il.;
_c24 cm.
505 _aIndex: f.639-650
650 0 _aIntelegjenca e Biznesit
650 0 _aPërpunimi i të dhënave
650 0 _aBiznesi
650 0 _aKompjuterët
942 _2udc
_cBK
999 _c674
_d674